The Contours of Personal Law: Religious Practices, Family Law and Uniform Civil Code/ (Record no. 208468)

MARC details
000 -LEADER
fixed length control field 00764nam a22002177a 4500
005 - DATE AND TIME OF LATEST TRANSACTION
control field 20250114124127.0
010 ## - LCCN (DPL NO)
LC control number ENG-143388
020 ## - INTERNATIONAL STANDARD BOOK NUMBER
Terms of availability 795.00
International Standard Book Number 9788197414251
035 ## - SYSTEM CONTROL NUMBER
System control number EN-126920
037 ## - SOURCE OF ACQUISITION
Source of stock number/acquisition DBAD
082 ## - DEWEY DECIMAL CLASSIFICATION NUMBER
Classification number 340.59
100 ## - MAIN ENTRY--PERSONAL NAME
Personal name Lakshminath, A
245 00 - TITLE STATEMENT
Title The Contours of Personal Law: Religious Practices, Family Law and Uniform Civil Code/
Statement of responsibility, etc by A Lakshminath; Ashok P Wadje [and] Prafulla Leleany
250 ## - EDITION STATEMENT
Edition statement 1
260 ## - PUBLICATION, DISTRIBUTION, ETC. (IMPRINT)
Place of publication, distribution, etc Gurgaon
Name of publisher, distributor, etc Lexis Nexis
Date of publication, distribution, etc 2024
270 ## - ADDRESS
Address 14th Floor, Bldg. No.10, Tower-B, DLF Cyber City, Phase-II
City Gurgaon
Postal code 122002
300 ## - PHYSICAL DESCRIPTION
Extent xxxvi,326p.
Dimensions 22cm(Hb)
700 ## - ADDED ENTRY--PERSONAL NAME
Personal name Wadje, Ashok P
Relator term Author
9 (RLIN) 76538
700 ## - ADDED ENTRY--PERSONAL NAME
Personal name Leleany, Prafulla
Relator term Author
9 (RLIN) 76539
942 ## - ADDED ENTRY ELEMENTS (KOHA)
Source of classification or shelving scheme Dewey Decimal Classification
Item type English Books
Call number suffix LAK
Classification part 340.59
Holdings
Withdrawn status Lost status Not for loan Collection code Home library Current library Date acquired Source of acquisition Cost, normal purchase price Full call number Barcode Copy number Cost, replacement price Koha item type
    Not For Loan Reference Central Library Central Library 14/01/2025 Delivery of Books Act Division 795.00 LAK 340.59 EN-126920 1 795.00 English Books

© Delhi Public Library
Hit Counter
free hit counter